Regionalliga Nordost Stadien 2025/26 - Statistiken

Allgemein
  • Dieses Quiz wurde 22 mal gespielt
  • Das Durchschnittsergebnis liegt bei 9 aus 18
Antwortstatistiken
Bildquiz Antwort % Korrekt
Stadion an der Gellertstraße
81%
Steigerwaldstadion
81%
Alfred-Kunze-Sportpark
75%
GGZ ARENA
75%
Leuna-Chemie-Stadion
75%
Bruno-Plache-Stadion
69%
Ernst-Abbe-Sportfeld
69%
Sportforum Hohenschönhausen
63%
Avnet Arena
50%
Bluechip-Arena
44%
Werner-Seelenbinder-Stadion
44%
Stadion Lichterfelde
38%
Ilburg Stadion
31%
Preussenstadion
31%
Volksstadion
31%
Spree Arena
25%
Stadion auf dem Wurfplatz
25%
Karls-Libknecht-Stadion
13%
Keine übereinstimmenden Quizze gefunden
Verteilung der Resultate
Anzahl Personen mit jedem Resultat
Perzentil nach korrekt beantworteten Fragen
Ihre Resultats-Entwicklung
Sie haben dieses Quiz noch nicht gespielt